Agricultural Production Index: International Comparison
Vplyvy makroekonomických politík na poľnohospodársku výrobu a ďalšie faktory, ktoré ju ovplyvňujú, na základe panelových údajov v globálnej vzorke za obdobie rokov 2010-2017. Finančná, fiškálna a menová politika krajín, ktorá má významný vplyv na poľnohospodársku výrobu. Okrem toho sú ďalšími dôleži...
Saved in:
| Main Author: | |
|---|---|
| Other Authors: | |
| Format: | Book Chapter |
| Language: | English |
| Subjects: | |
| Tags: |
No Tags, Be the first to tag this record!
|
MARC
| LEADER | 00000naa a2200000 4500 | ||
|---|---|---|---|
| 001 | 0277421 | ||
| 005 | 20210722164925.2 | ||
| 041 | 0 | |a eng | |
| 044 | |a CZ | ||
| 245 | 1 | 0 | |a Agricultural Production Index: International Comparison |c İbrahim Bozkurt, M. Veysel Kaya |
| 520 | |a Vplyvy makroekonomických politík na poľnohospodársku výrobu a ďalšie faktory, ktoré ju ovplyvňujú, na základe panelových údajov v globálnej vzorke za obdobie rokov 2010-2017. Finančná, fiškálna a menová politika krajín, ktorá má významný vplyv na poľnohospodársku výrobu. Okrem toho sú ďalšími dôležitými determinantmi poľnohospodárskej výroby klimatické podmienky, využívanie pôdy a moderné využitie vstupov v poľnohospodárstve. | ||
| 610 | 2 | 0 | |a makroekonomika |
| 610 | 2 | 0 | |a poľnohospodárstvo |
| 610 | 2 | 0 | |a politika fiškálna |
| 610 | 2 | 0 | |a politika finančná |
| 610 | 2 | 0 | |a politika menová |
| 100 | 1 | |a Bozkurt, İbrahim | |
| 700 | 1 | |a Veysel Kaya, M. | |